Vainqueurs de l'Europa League et de la Coupe UEFA - Statistiques

Statistiques générales
  • Ce quiz a été pris 94 fois
  • Le résultat moyen est 19 sur 30
Statistiques - réponses
Nombre de succès Dernier titre Clubs % Correct
7 2023 Seville FC
97%
2 1986 Real Madrid
92%
1 2017 Manchester United
89%
3 2018 Atlético Madrid
87%
2 2019 Chelsea FC
87%
3 1998 Inter Milan
87%
2 2011 FC Porto
84%
3 1993 Juventus Turin
82%
3 2001 Liverpool FC
82%
1 2024 Atalanta Bergame
78%
1 1996 Bayern Munich
75%
1 1992 Ajax Amsterdam
72%
1 2004 FC Valence
68%
1 2000 Galatasaray SK
62%
1 1978 PSV Eindhoven
62%
1 2021 Villarreal CF
58%
2 2022 Eintracht Francfort
56%
2 2002 Feyenoord Rotterdam
56%
1 2009 Shakhtar Donetsk
54%
2 1984 Tottenham Hotspur
54%
2 1999 Parme FC
52%
1 2008 Zenit St-Petersbourg
52%
1 1988 Bayer Leverkusen
46%
1 1983 RSC Anderlecht
43%
2 1979 Borussia Monchengladbach
39%
1 1989 Napoli
38%
1 1997 Schalke Gelsenkirchen
37%
1 2005 CSKA Moscou
35%
2 1987 IFK Göteborg
28%
1 1981 Ipswich Town
18%
Aucun quiz correspondant
Distribution des résultats
% des personnes avec chaque résultat
Percentile par nombre de réponses
Votre historique - résultats
Vous n’avez pas pris ce quiz